<?xml version="1.0" encoding="UTF-8"?>
<marc:record xmlns:marc="http://www.loc.gov/MARC21/slim">
   <marc:leader>00000nam a2200000 a 4500</marc:leader>
   <marc:datafield ind1="0" ind2="0" tag="245">
      <marc:subfield code="a">PS: Ich liebe dich</marc:subfield>
   </marc:datafield>
   <marc:datafield ind1="0" ind2="0" tag="245">
      <marc:subfield code="b">gekürzte Lesung</marc:subfield>
   </marc:datafield>
   <marc:datafield ind1=" " ind2="1" tag="264">
      <marc:subfield code="b">Der Hörverl.</marc:subfield>
      <marc:subfield code="c">2006</marc:subfield>
   </marc:datafield>
   <marc:datafield ind1="1" ind2=" " tag="520">
      <marc:subfield code="a">ach dem Tod ihres Mannes Gerry ist Holly am Boden zerstört. Sie kann sich das Leben ohne ihre große Liebe einfach nicht vorstellen, und nichts kann sie aus ihrer Trauer reißen. Bis sie die Briefe entdeckt, die Gerry ihr kurz vor seinem Tod geschrieben hat. Endlich hat sie wieder einen Lichtblick in ihrem Leben, denn jeden Monat öffnet sie einen neuen Brief und widmet sich der Aufgabe darin. Schritt für Schritt heilen Gerrys Worte Hollys gebrochenes Herz - und sie erlebt mit den Briefen an ihrer Seite ein Jahr voller Überraschungen, neuer Freundschaft und ungeahntem Glück.[Klappenext]</marc:subfield>
   </marc:datafield>
   <marc:datafield ind1=" " ind2=" " tag="020">
      <marc:subfield code="a">9783899408669</marc:subfield>
      <marc:subfield code="9">9783899408669</marc:subfield>
   </marc:datafield>
</marc:record>
